00000000nam##2200000za#4500
0019.695890
003CaOODSP
00520210624234802
007cr |||||||||||
008150407|1998||||xxc|||||o    f|0| 0 eng|d
040 |aCaOODSP|beng
043 |an-cn---
0861 |aNH15-205/1998E-PDF
1102 |aCanada Mortgage and Housing Corporation.
24510|aFarewell to cockroaches : |h[electronic resource]|bgetting rid of cockroaches the least toxic way
260 |aOttawa - Ontario : |bCanada Mortgage and Housing Corporation |cc1998.
300 |a29p.|bfig., illus.
500 |aThe catalogue number (NH15-205/1998E) and ISBN (0-662-26768-0) for the print edition have been incorrectly copied in this electronic publication.
590 |a12-29-Supp|b2012-06-25
69007|aPests|2gcpds
77508|tAdieu coquerelles! : |w(CaOODSP)9.640010
85640|ahttp://publications.gc.ca|qPDF|s634 KB|uhttps://publications.gc.ca/collections/Collection/NH15-205-1998E.pdf